Известия государственного географического общества

Библиографические подробности
Автор-организация: Географическое общество Союза ССР
Примечания:Сплошная пагинация
Язык:русский
Опубликовано: Москва, ОНТИ, 1925-1940
Формат: Книга
Запись в KOHA:https://koha.lib.tpu.ru/cgi-bin/koha/opac-detail.pl?biblionumber=325418

MARC

LEADER 00000nam1a2200000 4500
001 325418
005 20231102003748.0
035 |a (RuTPU)RU\TPU\book\351032 
035 |a RU\TPU\book\350943 
090 |a 325418 
100 |a 20161206d1925 k y0rusy50 ca 
101 0 |a rus 
102 |a RU 
200 1 |a Известия государственного географического общества  |f Географическое общество Союза ССР 
210 |a Москва  |a Ленинград  |c ОНТИ  |c Изд-во АН СССР  |d 1925-1940 
300 |a Сплошная пагинация 
520 1 |a Известия русского географического общества 
712 0 2 |a Географическое общество Союза ССР  |c (1938-1992)  |2 stltpush  |3 (RuTPU)RU\TPU\col\8461  |9 24529 
801 1 |a RU  |b 63413507  |c 20161202 
801 2 |a RU  |b 63413507  |c 20170310  |g RCR 
942 |c BK